|
|
|
|
| LEADER |
00000nam0a2200000 4500 |
| 001 |
155378 |
| 005 |
20231101221832.0 |
| 010 |
|
|
|a 9785060040845
|
| 035 |
|
|
|a (RuTPU)RU\TPU\book\168553
|
| 035 |
|
|
|a RU\TPU\book\68872
|
| 090 |
|
|
|a 155378
|
| 100 |
|
|
|a 20040610d2008 m y0rusy50 ca
|
| 101 |
0 |
|
|a rus
|
| 102 |
|
|
|a RU
|
| 105 |
|
|
|a a j 001zy
|
| 200 |
1 |
|
|a Монтаж, эксплуатация и ремонт электрооборудования промышленных предприятий и установок
|e учебное пособие для начального профессионального образования
|f Ю. Д. Сибикин, М. Ю. Сибикин
|
| 205 |
|
|
|a 2-е изд., стер.
|
| 210 |
|
|
|a Москва
|c Высшая школа
|d 2008
|
| 215 |
|
|
|a 462 с.
|c ил.
|
| 320 |
|
|
|a Библиогр.: с. 458.
|
| 330 |
|
|
|a В книге приведены общие сведения о материалах, инструменте, приспособлениях и механизмах, используемых электромонтажниками и электромонтерами в процессе работ. Даны некоторые технические характеристики важнейших электроустановок. Рассмотрены способы и приемы монтажа, эксплуатации, ремонта электрооборудования и электрических сетей промышленных предприятий. Для учащихся учреждений начального профессионального образования. Может быть полезна мастерам производственного обучения, при подготовке рабочих на производстве и студентам техникумов по специальности «Электроснабжение и электрооборудование промышленных предприятий и установок».
|
| 451 |
|
1 |
|0 (RuTPU)RU\TPU\book\68872
|y 5-06-004084-4
|t Монтаж, эксплуатация и ремонт электрооборудования промышленных предприятий и установок
|o учебное пособие
|f Ю. Д. Сибикин, М. Ю. Сибикин
|c М.
|n Высшая школа
|d 2003
|p 462 с.
|a Сибикин, Юрий Дмитриевич
|
| 606 |
1 |
|
|a Промышленные предприятия
|x Электрооборудование
|2 stltpush
|3 (RuTPU)RU\TPU\subj\52738
|9 71141
|
| 610 |
1 |
|
|a электромонтажные работы
|
| 610 |
1 |
|
|a монтаж
|
| 610 |
1 |
|
|a контактные соединения
|
| 610 |
1 |
|
|a заземление
|
| 610 |
1 |
|
|a электропроводка
|
| 610 |
1 |
|
|a электрическое освещение
|
| 610 |
1 |
|
|a распределительные устройства
|
| 610 |
1 |
|
|a кабельные линии
|
| 610 |
1 |
|
|a воздушные линии электропередачи
|
| 610 |
1 |
|
|a электрические машины
|
| 610 |
1 |
|
|a электроустановки
|
| 610 |
1 |
|
|a эксплуатация
|
| 610 |
1 |
|
|a техническое обслуживание
|
| 610 |
1 |
|
|a ремонт
|
| 610 |
1 |
|
|a испытания
|
| 610 |
1 |
|
|a безопасность
|
| 610 |
1 |
|
|a электрические сети
|
| 610 |
1 |
|
|a учебные пособия
|
| 610 |
1 |
|
|a электроснабжение
|
| 610 |
1 |
|
|a электрооборудование
|
| 675 |
|
|
|a 658.26:621.31(075.32)
|v 3
|
| 700 |
|
1 |
|a Сибикин
|b Ю. Д.
|g Юрий Дмитриевич
|
| 701 |
|
1 |
|a Сибикин
|b М. Ю.
|g Михаил Юрьевич
|
| 801 |
|
1 |
|a RU
|b 63413507
|c 20090313
|g PSBO
|
| 801 |
|
2 |
|a RU
|b 63413507
|c 20150731
|g PSBO
|
| 900 |
|
|
|a Электрооборудование электрических станций
|
| 900 |
|
|
|a Монтаж, наладка и эксплуатация электрооборудования
|
| 900 |
|
|
|a Монтаж, наладка и эксплуатация электрооборудования систем электроснабжения
|
| 900 |
|
|
|a Монтаж, наладка, эксплуатация и ремонт систем электроснабжения промышленных предприятий
|
| 900 |
|
|
|a Эксплуатация электроэнергетических систем и сетей
|
| 942 |
|
|
|c BK
|
| 959 |
|
|
|a 36/20090313
|d 7
|e 674,30
|f АНЛ:1
|f ЧЗТЛ:1
|f УФ:5
|